Evaluación del proyecto de extensión universitaria a las empresas comunitarias campesinas de Costa Rica. Sexto Informe setiembre 1977-mayo 1978 /
Salvato in:
| Enti autori: | , |
|---|---|
| Natura: | testo |
| Pubblicazione: |
San José:
ISADE
|
| Tags: |
Aggiungi Tag
Nessun Tag, puoi essere il primo ad aggiungerne!!
|
MARC
| LEADER | 00000 a a2200000 04500 | ||
|---|---|---|---|
| 001 | 22715 | ||
| 003 | |||
| 040 | |||
| 090 | |a 156000 | ||
| 110 | |a Instituto Superior de Adiestramiento para el Desarrollo | ||
| 245 | |a Evaluación del proyecto de extensión universitaria a las empresas comunitarias campesinas de Costa Rica. Sexto Informe setiembre 1977-mayo 1978 / |c Instituto Superior de Adiestramiento para el Desarrollo | ||
| 260 | |a San José: |b ISADE | ||
| 300 | |a 95 p |b **no definido** |b fonodiscos |b escudos de armas | ||
| 500 | |a Convenio de donación # CR-006-E. susorito entre la Fundación Interanerucabi y el Instituto de Adiestramiento para el Desarrollo | ||
| 710 | |a ISADE | ||
| 999 | |c 15627 |d 15627 | ||
